Metode pemikiran Abu Hamid al-Ghazali /
محفوظ في:
| المؤلف الرئيسي: | |
|---|---|
| التنسيق: | أطروحة كتاب |
| اللغة: | Indonesian |
| الموضوعات: | |
| الوسوم: |
إضافة وسم
لا توجد وسوم, كن أول من يضع وسما على هذه التسجيلة!
|
| LEADER | 01016cam a2200289 a 4500 | ||
|---|---|---|---|
| 001 | u747875 | ||
| 003 | SIRSI | ||
| 005 | 200711061116 | ||
| 008 | 910722s1987 io 00 1 ind | ||
| 040 | |a UMA |e rda | ||
| 094 | |a BP80 |b G3Jah | ||
| 100 | 1 | 0 | |a Jahja, M. Zurkani, |d 1941- |
| 245 | 1 | 0 | |a Metode pemikiran Abu Hamid al-Ghazali / |c oleh Muhammad Zurkani Jahja. |
| 264 | 1 | |c 1987. | |
| 264 | 4 | |c 1987. | |
| 300 | |a ix, 432 p. ; |c 28 cm. | ||
| 336 | |a text |2 rdacontent | ||
| 337 | |a unmediated |2 rdamedia | ||
| 338 | |a volume |2 rdacarrier | ||
| 502 | |a Thesis (Ph.D.) -- Fakultas Pascasarjana, Institut Agama Islam Negeri Syarif Hidayatullah, Jakarta, 1987. | ||
| 504 | |a Bibliography: p. 411-421. | ||
| 600 | 0 | 0 | |a Ghazzali, |d 1058-1111. |
| 650 | 0 | |a Islam |x Doctrines. | |
| 710 | 2 | 0 | |a Institut Agama Islam Negeri Syarif Hidayatullah. |b Program Pascasarjana. |
| 900 | |a JAR | ||
| 596 | |a 12 | ||
| 999 | |a BP80 G3JAH |w LC |c 1 |i A512966982 |d 17/2/2014 |e 17/2/2014 |f 22/1/2010 |g 1 |l RESERVES |m P12ISLAMKL |n 1 |p $358.00 |r Y |s Y |t TESIS |u 22/1/2010 | ||
